| 000 | 00409cam a2200157ua 4500 | ||
|---|---|---|---|
| 003 | OSt | ||
| 008 | 250423b |||||||| |||| 00| 0 eng d | ||
| 041 | _aeng | ||
| 082 |
_a624.1517 _bJAM/AD |
||
| 100 |
_aJameson, Alex H . _97429 |
||
| 245 | _aAdvanced surveying: A text book for students / | ||
| 250 | _a2 / | ||
| 260 |
_aLondon : _bSir Isaac Pitman & Sons Ltd , _c1958. |
||
| 300 | _a388 ; . | ||
| 942 | _cBK | ||
| 999 |
_c5285 _d5285 |
||